[Event "15. Open Int. Ciudad de Pamplona"]
[Site "Pamplona ESP"]
[Date "2005.12.24"]
[Round "3.5"]
[White "Adla, Diego Gustavo"]
[Black "Huerga Leache, Mikel"]
[Result "0-1"]
[WhiteElo "2497"]
[BlackElo "2145"]
[PlyCount "162"]
[EventDate "2005.12.23"]
[EventType "swiss"]
[EventRounds "9"]
[EventCountry "ESP"]
[Source "lmi"]
[SourceDate "2005.12.29"]

1. c4 e5 2. Nc3 Nf6 3. Nf3 Nc6 4. a3 e4 5. Ng5 Qe7 6. d3 exd3 7. e4 h6 8. Nf3
d5 9. cxd5 Nxe4 10. Be3 Nxc3 11. bxc3 Ne5 12. Bxd3 Nxf3+ 13. Qxf3 g5 14. Bb5+
Bd7 15. d6 cxd6 16. Qxb7 Rd8 17. O-O Bxb5 18. Qxb5+ Qd7 19. Qe2 Be7 20. Rfe1
O-O 21. Bxa7 Qxa7 22. Qxe7 Qxe7 23. Rxe7 Rc8 24. Rd7 Rxc3 25. h4 Rc6 26. Rd1
Ra8 27. Rd3 gxh4 28. Rf3 Rf8 29. Rf4 h3 30. g3 Ra6 31. a4 Ra5 32. Kh2 Ra6 33.
Kxh3 f5 34. Rd4 Rf6 35. Kg2 Kf8 36. Rb4 Rf7 37. Rxf7+ Kxf7 38. Kf3 Ke6 39. Ke3
h5 40. Kd3 Ra8 41. Kc3 Kd5 42. Kb3 Rf8 43. Rh4 Rb8+ 44. Ka3 Rh8 45. Rb4 Rf8 46.
Rh4 Rh8 47. Kb4 Rb8+ 48. Kc3 Rh8 49. Rd4+ Kc5 50. Rc4+ Kd5 51. a5 Ra8 52. Rf4
Ke5 53. Ra4 Rc8+ 54. Kd3 Ra8 55. a6 f4 56. gxf4+ Kf5 57. Ke2 Kg4 58. a7 h4 59.
Kf1 d5 60. Kg2 h3+ 61. Kh2 d4 62. f5 Kxf5 63. Kxh3 Ke4 64. Kg2 Kd3 65. Kf1 Kc3
66. Ke1 Kb3 67. Ra6 Kc2 68. f4 Re8+ 69. Kf2 Ra8 70. f5 d3 71. Rc6+ Kd1 72. Rc7
d2 73. f6 Rc8 74. Rb7 Kc1 75. Rb8 Rc2 76. a8=Q d1=Q+ 77. Kg3 Qd6+ 78. Kg4 Qe6+
79. Kg5 Rc5+ 80. Kg6 Qf5+ 81. Kg7 Rc7+ 0-1

[Event "15. Open Int. Ciudad de Pamplona"]
[Site "Pamplona ESP"]
[Date "2005.12.24"]
[Round "3.6"]
[White "Rada Equiza, Miguel"]
[Black "Pogorelov, Ruslan"]
[Result "0-1"]
[WhiteElo "2216"]
[BlackElo "2470"]
[PlyCount "90"]
[EventDate "2005.12.23"]
[EventType "swiss"]
[EventRounds "9"]
[EventCountry "ESP"]
[Source "lmi"]
[SourceDate "2005.12.29"]

1. e4 c5 2. Nf3 Nc6 3. d4 cxd4 4. Nxd4 Qc7 5. Nc3 e6 6. Be3 a6 7. Qd2 Nf6 8. f3
Ne5 9. O-O-O Bb4 10. Nb3 b5 11. Bd4 Be7 12. Qf2 d6 13. Kb1 Rb8 14. g4 O-O 15.
h4 Nfd7 16. g5 b4 17. Ne2 a5 18. f4 Nc4 19. Ng3 a4 20. Bxc4 Qxc4 21. Nd2 Qc7
22. f5 e5 23. f6 exd4 24. fxe7 Re8 25. Nf5 Ne5 26. h5 Bxf5 27. exf5 d3 28. cxd3
b3 29. a3 Qc2+ 30. Ka1 Nxd3 31. Qd4 Rb4 32. Nc4 Rxc4 33. Qxd3 Qxd3 34. Rxd3
Rxe7 35. Rxd6 Kf8 36. g6 h6 37. Kb1 Rf4 38. Rd5 fxg6 39. fxg6 Re2 40. Rhd1 Rff2
41. Rd8+ Ke7 42. R8d7+ Kf6 43. Rf7+ Kg5 44. Rxf2 Rxf2 45. Rh1 Kg4 0-1

[Event "15. Open Int. Ciudad de Pamplona"]
[Site "Pamplona ESP"]
[Date "2005.12.24"]
[Round "3.7"]
[White "Pomes Marcet, Juan"]
[Black "Mindeguia Guruceaga, Juan Jesus"]
[Result "1/2-1/2"]
[WhiteElo "2380"]
[BlackElo "2155"]
[PlyCount "122"]
[EventDate "2005.12.23"]
[EventType "swiss"]
[EventRounds "9"]
[EventCountry "ESP"]
[Source "lmi"]
[SourceDate "2005.12.29"]

1. d4 d5 2. c4 e6 3. Nc3 c5 4. cxd5 exd5 5. Nf3 Nc6 6. g3 Nf6 7. Bg2 cxd4 8.
Nxd4 Be7 9. O-O O-O 10. Bf4 Qb6 11. Nxc6 bxc6 12. Qc2 Bg4 13. Rac1 Rac8 14. e3
Qa6 15. h3 Bh5 16. g4 Bg6 17. Qd2 Bb4 18. a3 Be7 19. Rfd1 Rfd8 20. f3 Nd7 21.
Bf1 Qa5 22. Qe1 Nf8 23. Bg3 Ne6 24. Bf2 Kh8 25. Ne2 Qxe1 26. Bxe1 Bc5 27. Bf2
Bb6 28. b4 Re8 29. Rc3 f5 30. Nd4 Nxd4 31. exd4 fxg4 32. hxg4 Re6 33. Rdc1 h5
34. Bh3 Rf8 35. gxh5 Bf5 36. Bg2 Rh6 37. Rxc6 Rxh5 38. a4 Rg5 39. Be3 Rh5 40.
Rd6 Re8 41. Kf2 Bd3 42. Rd1 Bc4 43. Rd2 Bd8 44. Bf4 Bc7 45. Be5 Bxd6 46. Bxd6
Rh6 47. Be5 Rb6 48. Rb2 Re7 49. Bh3 Rh6 50. Kg3 Ra6 51. a5 Bb5 52. Bg4 Rc6 53.
Rh2+ Kg8 54. Bf5 Rh6 55. Rc2 Rc6 56. Rh2 Rh6 57. Rc2 Bc4 58. Bg4 Rh1 59. Rb2 a6
60. Kf4 Kf7 61. Kg5 Re1 1/2-1/2

[Event "15. Open Int. Ciudad de Pamplona"]
[Site "Pamplona ESP"]
[Date "2005.12.24"]
[Round "3.8"]
[White "Ivanov, Jordan"]
[Black "Argaya Urdaniz, Miguel"]
[Result "1-0"]
[WhiteElo "2377"]
[BlackElo "2048"]
[PlyCount "49"]
[EventDate "2005.12.23"]
[EventType "swiss"]
[EventRounds "9"]
[EventCountry "ESP"]
[Source "lmi"]
[SourceDate "2005.12.29"]

1. Nf3 Nf6 2. c4 g6 3. Nc3 d5 4. Qa4+ c6 5. cxd5 Nxd5 6. Nxd5 Qxd5 7. e4 Qd8 8.
d4 Bg7 9. Be3 Nd7 10. Rd1 O-O 11. h3 Qc7 12. Qc2 Qa5+ 13. Bd2 Qb6 14. Bc3 c5
15. d5 Qd6 16. Bxg7 Kxg7 17. Qc3+ f6 18. Be2 b6 19. Ng5 Ne5 20. f4 Nf7 21. e5
Qc7 22. Ne6+ Bxe6 23. dxe6 Nd8 24. Rd7 Qc8 25. exf6+ 1-0

[Event "15. Open Int. Ciudad de Pamplona"]
[Site "Pamplona ESP"]
[Date "2005.12.24"]
[Round "3.9"]
[White "Llaneza Vega, Patricia"]
[Black "Llorente Zaro, Alfonso"]
[Result "0-1"]
[WhiteElo "2161"]
[BlackElo "2324"]
[PlyCount "88"]
[EventDate "2005.12.23"]
[EventType "swiss"]
[EventRounds "9"]
[EventCountry "ESP"]
[Source "lmi"]
[SourceDate "2005.12.29"]

1. e4 e5 2. Nf3 Nc6 3. d4 exd4 4. Nxd4 Nf6 5. Nxc6 bxc6 6. e5 Qe7 7. Qe2 Nd5 8.
c4 Ba6 9. b3 g5 10. Bb2 Bg7 11. Nd2 O-O-O 12. O-O-O Rhe8 13. Kb1 Nb6 14. h4
gxh4 15. f4 Rg8 16. Nf3 f6 17. Qd2 fxe5 18. fxe5 Bb7 19. Qa5 Kb8 20. c5 Nd5 21.
Rxh4 d6 22. Ba6 dxc5 23. Bxb7 Kxb7 24. Rc1 Nb6 25. Rxc5 Bf8 26. Rc1 Rxg2 27.
Qc3 Rg6 28. Qc2 Qd7 29. e6 Rxe6 30. Rxh7 Qd3 31. Qxd3 Rxd3 32. Nd4 Rg6 33. Rf1
Ba3 34. Kc2 Bxb2 35. Kxd3 Rd6 36. Rff7 Na8 37. Rh4 c5 38. Kc2 Bxd4 39. Rhh7 Ra6
40. a4 Rg6 41. Rf3 Nb6 42. Rff7 Rg2+ 43. Kd3 Rg3+ 44. Ke4 Re3+ 0-1

[Event "15. Open Int. Ciudad de Pamplona"]
[Site "Pamplona ESP"]
[Date "2005.12.24"]
[Round "3.10"]
[White "Navarro Cia, Miguel"]
[Black "Sanchez Moreno, Jose Carlos"]
[Result "1-0"]
[WhiteElo "2274"]
[BlackElo "2032"]
[PlyCount "53"]
[EventDate "2005.12.23"]
[EventType "swiss"]
[EventRounds "9"]
[EventCountry "ESP"]
[Source "lmi"]
[SourceDate "2005.12.29"]

1. e4 e5 2. Nf3 Nc6 3. d4 exd4 4. Nxd4 Bc5 5. Be3 Qf6 6. Nb5 Bxe3 7. fxe3 Qd8
8. Qg4 g6 9. Qf4 d6 10. Bc4 Ne5 11. O-O Qd7 12. Nd2 c6 13. Bxf7+ Kd8 14. Bxg8
Rxg8 15. Qf6+ Qe7 16. Qxd6+ Qxd6 17. Nxd6 Ke7 18. N2c4 Nxc4 19. Nxc4 Rg7 20.
Rad1 b5 21. Ne5 c5 22. Rd5 Ke6 23. Nd3 c4 24. Nf4+ Ke7 25. Rxb5 c3 26. b3 a6
27. Re5+ 1-0

[Event "15. Open Int. Ciudad de Pamplona"]
[Site "Pamplona ESP"]
[Date "2005.12.26"]
[Round "4.1"]
[White "Llorente Zaro, Alfonso"]
[Black "Narciso Dublan, Marc"]
[Result "1/2-1/2"]
[WhiteElo "2324"]
[BlackElo "2464"]
[PlyCount "34"]
[EventDate "2005.12.23"]
[EventType "swiss"]
[EventRounds "9"]
[EventCountry "ESP"]
[Source "lmi"]
[SourceDate "2005.12.29"]

1. d4 Nf6 2. c4 e6 3. Nf3 b6 4. g3 Bb7 5. Bg2 Be7 6. Nc3 O-O 7. O-O Na6 8. b3
d5 9. Ne5 c5 10. Bb2 Qb8 11. cxd5 exd5 12. Nd3 Rd8 13. Rc1 Ne4 14. Nf4 Nxc3 15.
Bxc3 Bg5 16. e3 Bxf4 17. gxf4 c4 1/2-1/2

[Event "15. Open Int. Ciudad de Pamplona"]
[Site "Pamplona ESP"]
[Date "2005.12.26"]
[Round "4.2"]
[White "Bruned, Yvain"]
[Black "Strikovic, Aleksa"]
[Result "0-1"]
[WhiteElo "2289"]
[BlackElo "2494"]
[PlyCount "102"]
[EventDate "2005.12.23"]
[EventType "swiss"]
[EventRounds "9"]
[EventCountry "ESP"]
[Source "lmi"]
[SourceDate "2005.12.29"]

1. e4 d5 2. exd5 Qxd5 3. Nc3 Qa5 4. d4 Nf6 5. Bc4 Bf5 6. Nf3 e6 7. Bd2 Bb4 8.
a3 Bxc3 9. Bxc3 Qb6 10. O-O Nc6 11. a4 a5 12. Bb5 O-O 13. Nd2 Nb4 14. Nc4 Qa7
15. Ne3 Bg6 16. b3 Rfd8 17. Qe2 Ne4 18. Bb2 c6 19. Bc4 c5 20. c3 cxd4 21. cxd4
e5 22. d5 f6 23. Kh1 Nd6 24. Rad1 Rac8 25. f4 exf4 26. Rxf4 Re8 27. Bd4 Qb8 28.
Qf1 Nxc4 29. bxc4 Nc2 30. Nxc2 Bxc2 31. Rc1 Bd3 32. Qf2 Rxc4 33. Rxc4 Bxc4 34.
Ba7 Qc8 35. d6 Bd5 36. Qd2 Qc6 37. Rd4 Re5 38. d7 Qxd7 39. Bb8 Qf5 40. Kg1 Qb1+
41. Kf2 Rf5+ 42. Bf4 Bc6 43. Rd8+ Kf7 44. g4 Rc5 45. Rd7+ Kg6 46. h4 h5 47.
gxh5+ Rxh5 48. Rd3 Rxh4 49. Rg3+ Kh7 50. Rg1 Qf5 51. Kg3 Rg4+ 0-1

[Event "15. Open Int. Ciudad de Pamplona"]
[Site "Pamplona ESP"]
[Date "2005.12.26"]
[Round "4.3"]
[White "Magem Badals, Jordi"]
[Black "Navarro Cia, Miguel"]
[Result "1/2-1/2"]
[WhiteElo "2506"]
[BlackElo "2274"]
[PlyCount "74"]
[EventDate "2005.12.23"]
[EventType "swiss"]
[EventRounds "9"]
[EventCountry "ESP"]
[Source "lmi"]
[SourceDate "2005.12.29"]

1. e4 c5 2. Nf3 e6 3. d4 cxd4 4. Nxd4 Nc6 5. Nb5 d6 6. c4 Nf6 7. N1c3 a6 8. Na3
Be7 9. Be2 b6 10. O-O Bb7 11. Be3 O-O 12. Rc1 Ne5 13. f3 Qc7 14. Qb3 Ned7 15.
Rfd1 Rac8 16. Kh1 Rfe8 17. Bg1 Ba8 18. Bf1 Qb8 19. Qa4 Nc5 20. Qc2 Ncd7 21. Qd2
Ne5 22. Qd4 Nfd7 23. Nc2 h6 24. a3 Nc5 25. Na1 Ncd7 26. b4 Bf6 27. Qxd6 Qxd6
28. Rxd6 Nxc4 29. Rxd7 Nxa3 30. Na2 Rxc1 31. Nxc1 Bxa1 32. Bxa6 Rb8 33. Rd6 b5
34. Ba7 Re8 35. Nb3 Bc3 36. Bc5 Nc2 37. Bxb5 Rb8 1/2-1/2

[Event "15. Open Int. Ciudad de Pamplona"]
[Site "Pamplona ESP"]
[Date "2005.12.26"]
[Round "4.4"]
[White "Pogorelov, Ruslan"]
[Black "Garcia, Raul"]
[Result "1-0"]
[WhiteElo "2470"]
[BlackElo "2284"]
[PlyCount "89"]
[EventDate "2005.12.23"]
[EventType "swiss"]
[EventRounds "9"]
[EventCountry "ESP"]
[Source "lmi"]
[SourceDate "2005.12.29"]

1. Nf3 Nf6 2. c4 e6 3. Nc3 c5 4. g3 b6 5. Bg2 Bb7 6. O-O Be7 7. Re1 O-O 8. e4
d6 9. d4 cxd4 10. Nxd4 Qc8 11. Be3 a6 12. Rc1 Nbd7 13. f4 Re8 14. Bf2 g6 15. b3
Qc7 16. f5 Bf8 17. fxe6 fxe6 18. Bh3 Nc5 19. Qc2 Bc8 20. Nf3 Ncd7 21. Bd4 Bg7
22. Qf2 Nc5 23. Rcd1 e5 24. Bxc5 dxc5 25. Bxc8 Raxc8 26. Nd5 Nxd5 27. Rxd5 Rcd8
28. Red1 Rxd5 29. Rxd5 h6 30. Qd2 Qf7 31. Kg2 Kh7 32. h4 Re6 33. Rd7 Re7 34.
Rxe7 Qxe7 35. Qd5 b5 36. Qc6 bxc4 37. bxc4 Qa7 38. h5 g5 39. Qg6+ Kh8 40. Nxe5
Bxe5 41. Qe8+ Kh7 42. Qxe5 Qb6 43. Qf5+ Kg7 44. e5 Qb2+ 45. Kh3 1-0

[Event "15. Open Int. Ciudad de Pamplona"]
[Site "Pamplona ESP"]
[Date "2005.12.26"]
[Round "4.5"]
[White "Huerga Leache, Mikel"]
[Black "Ivanov, Jordan"]
[Result "1/2-1/2"]
[WhiteElo "2145"]
[BlackElo "2377"]
[PlyCount "69"]
[EventDate "2005.12.23"]
[EventType "swiss"]
[EventRounds "9"]
[EventCountry "ESP"]
[Source "lmi"]
[SourceDate "2005.12.29"]

1. e4 c5 2. Nc3 a6 3. Nf3 b5 4. d4 cxd4 5. Nxd4 Bb7 6. Bg5 b4 7. Nd5 f6 8. Bf4
e5 9. Bxe5 Bxd5 10. Bxb8 Bxe4 11. Qe2 Qxb8 12. Qxe4+ Qe5 13. Bd3 d5 14. Qxe5+
fxe5 15. Ne6 Bd6 16. Nxg7+ Kd7 17. Nf5 e4 18. Bc4 Nf6 19. O-O-O Bf4+ 20. Kb1
Ke6 21. Nd4+ Ke5 22. Nc6+ Ke6 23. Bb3 a5 24. Nd4+ Ke5 25. g3 Bh6 26. f4+ Kd6
27. Nf5+ Kc5 28. Nxh6 a4 29. Bxd5 Nxd5 30. Nf7 Rhe8 31. Ne5 a3 32. Nd7+ Kc6 33.
Ne5+ Kc5 34. Nd7+ Kc6 35. Ne5+ 1/2-1/2

[Event "15. Open Int. Ciudad de Pamplona"]
[Site "Pamplona ESP"]
[Date "2005.12.26"]
[Round "4.6"]
[White "Fidalgo Fernandez, Javier"]
[Black "Vehi Bach, Victor Manuel"]
[Result "1-0"]
[WhiteElo "2155"]
[BlackElo "2416"]
[PlyCount "105"]
[EventDate "2005.12.23"]
[EventType "swiss"]
[EventRounds "9"]
[EventCountry "ESP"]
[Source "lmi"]
[SourceDate "2005.12.29"]

1. e4 c5 2. c3 Nf6 3. e5 Nd5 4. g3 e6 5. Bg2 Nc6 6. Nf3 Qc7 7. Qe2 g5 8. Nxg5
Qxe5 9. Ne4 Qg7 10. d3 Nf6 11. Nbd2 Be7 12. Nxf6+ Qxf6 13. Nf3 Qg6 14. O-O d6
15. Rd1 Bd7 16. d4 cxd4 17. Nxd4 O-O 18. c4 a6 19. Nxc6 Bxc6 20. b3 Bf6 21. Bb2
Rfd8 22. Bxf6 Qxf6 23. Rac1 Qe5 24. Qg4+ Kf8 25. Rc2 Rd7 26. Rcd2 Rad8 27. Qh4
Bxg2 28. Kxg2 Qf5 29. Rd4 b5 30. Rf4 Qc2 31. Qh6+ Ke8 32. Rg4 Qf5 33. Rf4 Qg6
34. Qh4 f5 35. Rfd4 bxc4 36. bxc4 h6 37. Qf4 e5 38. Qe3 Re7 39. Rd5 f4 40. Qc3
Qe4+ 41. Kg1 Rc8 42. Rxd6 Rxc4 43. Qb3 Rb7 44. Qa3 Rd4 45. R6xd4 exd4 46. Qxa6
fxg3 47. hxg3 Rd7 48. Qd3 Qd5 49. a3 h5 50. Qg6+ Kf8 51. Qf6+ Qf7 52. Qh8+ Ke7
53. Re1+ 1-0

[Event "15. Open Int. Ciudad de Pamplona"]
[Site "Pamplona ESP"]
[Date "2005.12.26"]
[Round "4.7"]
[White "Viñal Gutierez, Pedro"]
[Black "Jerez Perez, Alfonso"]
[Result "1/2-1/2"]
[WhiteElo "2200"]
[BlackElo "2414"]
[PlyCount "150"]
[EventDate "2005.12.23"]
[EventType "swiss"]
[EventRounds "9"]
[EventCountry "ESP"]
[Source "lmi"]
[SourceDate "2005.12.29"]

1. e4 e6 2. Nf3 b6 3. d4 Bb7 4. Bd3 c5 5. c3 Nf6 6. Qe2 Be7 7. Bg5 h6 8. Bh4
cxd4 9. cxd4 Nc6 10. Nc3 g5 11. Bg3 g4 12. Ne5 Nxd4 13. Qd1 h5 14. Rc1 d6 15.
Qa4+ Kf8 16. Nxf7 Kxf7 17. Qxd4 Rc8 18. h4 Qc7 19. O-O Qc5 20. Qa4 a6 21. Ne2
Qa5 22. Qxa5 bxa5 23. e5 dxe5 24. Bxe5 Rhd8 25. Nf4 Be4 26. Bxa6 Rxc1 27. Rxc1
Nd5 28. Nxh5 Bxh4 29. Nf4 Bg5 30. Re1 Bf5 31. Nxd5 exd5 32. Bc7 Rd7 33. Re5
Rxc7 34. Rxf5+ Bf6 35. Rxd5 Rc2 36. Rxa5 Rxb2 37. Ra4 g3 38. fxg3 Be5 39. Kh2
Rc2 40. Bb7 Kf6 41. Kh3 Rc3 42. Bf3 Rc7 43. Rh4 Rg7 44. Rh6+ Kg5 45. Rh5+ Kf6
46. g4 Ra7 47. Bd5 Bd4 48. Rf5+ Kg6 49. Kg3 Rc7 50. Kf4 Rc3 51. Ke4 Bf6 52. Kf4
Bd4 53. a4 Ra3 54. Bc6 Bc3 55. Ke4 Bd2 56. Kd4 Kg7 57. Kc4 Rc3+ 58. Kb5 Rb3+
59. Ka6 Rc3 60. Kb7 Rb3+ 61. Rb5 Ra3 62. Rd5 Be1 63. Ka6 Rc3 64. Bb7 Rc4 65. a5
Rxg4 66. Kb6 Bf2+ 67. Kb5 Kf6 68. Rh5 Ke7 69. a6 Rg6 70. Bc6 Kd6 71. Rd5+ Ke6
72. Rh5 Kd6 73. Bb7 Rg7 74. Rd5+ Kc7 75. Kc4 Rxg2 1/2-1/2

[Event "15. Open Int. Ciudad de Pamplona"]
[Site "Pamplona ESP"]
[Date "2005.12.26"]
[Round "4.8"]
[White "Leon Fernandez, Mario"]
[Black "Pomes Marcet, Juan"]
[Result "0-1"]
[WhiteElo "1887"]
[BlackElo "2380"]
[PlyCount "110"]
[EventDate "2005.12.23"]
[EventType "swiss"]
[EventRounds "9"]
[EventCountry "ESP"]
[Source "lmi"]
[SourceDate "2005.12.29"]

1. d4 d5 2. c4 c6 3. Nf3 Nf6 4. Nc3 dxc4 5. a4 Bf5 6. e3 e6 7. Bxc4 Bb4 8. Qb3
Qe7 9. O-O O-O 10. Bd2 a5 11. Rfe1 Bg6 12. Ne5 Nbd7 13. Nxg6 hxg6 14. Rad1 e5
15. Ne2 e4 16. Nf4 Kh7 17. Qc2 Nb6 18. Bb3 Nfd5 19. Nxd5 cxd5 20. Rc1 Rfc8 21.
Qd1 Rxc1 22. Qxc1 Rc8 23. Qd1 Nc4 24. Bc3 f5 25. g3 Qd6 26. Qa1 Bxc3 27. bxc3
Nd2 28. Bd1 Qc6 29. Be2 Qxc3 30. Qxc3 Rxc3 31. Rd1 Rc2 32. Bb5 Kg8 33. Be8 g5
34. Bd7 Kf7 35. Bxf5 Ke7 36. Bg4 b6 37. Be2 Kd6 38. Bb5 Nf3+ 39. Kg2 Nd2 40.
Rh1 Nc4 41. Kh3 Rxf2 42. Bxc4 dxc4 43. Kg4 c3 44. Kxg5 c2 45. Kg6 Rxh2 46. Rc1
Rg2 47. Kf5 Kd5 48. g4 Re2 49. Kg6 Kc4 50. Kxg7 Kc3 51. g5 Rxe3 52. g6 Rd3 53.
Kf6 Rxd4 54. g7 Rd8 55. Ke5 Kb2 0-1

[Event "15. Open Int. Ciudad de Pamplona"]
[Site "Pamplona ESP"]
[Date "2005.12.26"]
[Round "4.9"]
[White "Mindeguia Guruceaga, Juan Jesus"]
[Black "Llaneza Vega, Marcos"]
[Result "0-1"]
[WhiteElo "2155"]
[BlackElo "2292"]
[PlyCount "46"]
[EventDate "2005.12.23"]
[EventType "swiss"]
[EventRounds "9"]
[EventCountry "ESP"]
[Source "lmi"]
[SourceDate "2005.12.29"]

1. d4 Nf6 2. Nc3 d5 3. Bg5 c5 4. Bxf6 gxf6 5. e4 dxe4 6. dxc5 Qa5 7. Qh5 Bg7 8.
Bc4 O-O 9. O-O-O Nc6 10. Nxe4 Ne5 11. Bd3 Nxd3+ 12. cxd3 Qxa2 13. Nc3 Qa5 14.
Nge2 Bd7 15. Kb1 Rac8 16. d4 b6 17. Nd5 Rfe8 18. Rd3 bxc5 19. b4 Rb8 20. dxc5
Be6 21. Nec3 Bxd5 22. Nxd5 e6 23. Re3 Red8 0-1

[Event "15. Open Int. Ciudad de Pamplona"]
[Site "Pamplona ESP"]
[Date "2005.12.26"]
[Round "4.10"]
[White "Lopez Gracia, Fernando"]
[Black "Fidalgo Fernandez, Lucia"]
[Result "1-0"]
[WhiteElo "2349"]
[BlackElo "1941"]
[PlyCount "59"]
[EventDate "2005.12.23"]
[EventType "swiss"]
[EventRounds "9"]
[EventCountry "ESP"]
[Source "lmi"]
[SourceDate "2005.12.29"]

1. Nf3 c5 2. c4 Nc6 3. d4 Nf6 4. d5 Nb8 5. Nc3 g6 6. e4 d6 7. Be2 Bg7 8. O-O
O-O 9. Bf4 Na6 10. Qd2 Nc7 11. h3 Bd7 12. a4 a6 13. e5 Nfe8 14. Bh6 Rb8 15.
Bxg7 Kxg7 16. a5 b5 17. axb6 Rxb6 18. Na4 Bxa4 19. Rxa4 Qb8 20. Rb1 f6 21. e6
Qb7 22. h4 Qc8 23. h5 Rh8 24. Ra3 Qb8 25. Bd1 Rb4 26. Rc3 f5 27. Nh4 Nf6 28.
Qg5 Qe8 29. Nxf5+ Kg8 30. Bc2 1-0

[Event "15. Open Int. Ciudad de Pamplona"]
[Site "Pamplona ESP"]
[Date "2005.12.26"]
[Round "5.1"]
[White "Strikovic, Aleksa"]
[Black "Pogorelov, Ruslan"]
[Result "1-0"]
[WhiteElo "2494"]
[BlackElo "2470"]
[PlyCount "49"]
[EventDate "2005.12.23"]
[EventType "swiss"]
[EventRounds "9"]
[EventCountry "ESP"]
[Source "lmi"]
[SourceDate "2005.12.29"]

1. c4 Nf6 2. Nc3 e6 3. e4 c5 4. Nf3 Nc6 5. Be2 a6 6. O-O Qc7 7. d4 cxd4 8. Nxd4
Nxd4 9. Qxd4 Bd6 10. Kh1 O-O 11. Qd3 b6 12. f4 Be7 13. e5 Ne8 14. f5 Bb7 15.
Bf4 exf5 16. Qxf5 g6 17. Qh3 Qd8 18. Rad1 Bc6 19. Bf3 Qc8 20. Nd5 Bxd5 21. Bxd5
Ra7 22. Be3 Bc5 23. Rxf7 Rxf7 24. Rf1 d6 25. Qxc8 1-0

[Event "15. Open Int. Ciudad de Pamplona"]
[Site "Pamplona ESP"]
[Date "2005.12.26"]
[Round "5.2"]
[White "Narciso Dublan, Marc"]
[Black "Lopez Gracia, Fernando"]
[Result "1-0"]
[WhiteElo "2464"]
[BlackElo "2349"]
[PlyCount "51"]
[EventDate "2005.12.23"]
[EventType "swiss"]
[EventRounds "9"]
[EventCountry "ESP"]
[Source "lmi"]
[SourceDate "2005.12.29"]

1. d4 Nf6 2. c4 g6 3. Nc3 Bg7 4. Nf3 O-O 5. Bg5 d6 6. e3 c5 7. Be2 Nc6 8. d5
Na5 9. Nd2 h6 10. Bh4 e6 11. O-O g5 12. Bg3 exd5 13. cxd5 a6 14. a4 Qe7 15. e4
Nd7 16. Bg4 Ne5 17. Bxc8 Rfxc8 18. Qc2 Rcb8 19. Nd1 b5 20. axb5 axb5 21. Ne3
Nac4 22. Nf5 Qf6 23. Rxa8 Rxa8 24. f4 gxf4 25. Bh4 Ne3 26. Bxf6 1-0

[Event "15. Open Int. Ciudad de Pamplona"]
[Site "Pamplona ESP"]
[Date "2005.12.26"]
[Round "5.3"]
[White "Vila Dupla, Aurelio"]
[Black "Magem Badals, Jordi"]
[Result "0-1"]
[WhiteElo "2214"]
[BlackElo "2506"]
[PlyCount "64"]
[EventDate "2005.12.23"]
[EventType "swiss"]
[EventRounds "9"]
[EventCountry "ESP"]
[Source "lmi"]
[SourceDate "2005.12.29"]

1. Nf3 d5 2. d4 Nf6 3. c4 e6 4. Nc3 c6 5. cxd5 exd5 6. Bg5 Be7 7. e3 Bf5 8. Bd3
Bxd3 9. Qxd3 O-O 10. Bxf6 Bxf6 11. O-O Be7 12. Rab1 a5 13. Rfd1 Nd7 14. Qc2 Re8
15. Qb3 Nb6 16. Na4 Nxa4 17. Qxa4 Bd6 18. Qb3 Qd7 19. Kf1 Re6 20. h3 h6 21.
Rdc1 f5 22. Re1 Qe7 23. a3 g5 24. g3 Rf8 25. Qc3 g4 26. Ng1 Ref6 27. Qxa5 Qe4
28. h4 Bxg3 29. fxg3 f4 30. exf4 Rxf4+ 31. gxf4 Rxf4+ 32. Nf3 Rxf3+ 0-1

[Event "15. Open Int. Ciudad de Pamplona"]
[Site "Pamplona ESP"]
[Date "2005.12.26"]
[Round "5.4"]
[White "Pomes Marcet, Juan"]
[Black "Llorente Zaro, Alfonso"]
[Result "1-0"]
[WhiteElo "2380"]
[BlackElo "2324"]
[PlyCount "87"]
[EventDate "2005.12.23"]
[EventType "swiss"]
[EventRounds "9"]
[EventCountry "ESP"]
[Source "lmi"]
[SourceDate "2005.12.29"]

1. d4 Nf6 2. c4 g6 3. Nc3 Bg7 4. e4 d6 5. g3 O-O 6. Bg2 e5 7. Nge2 c6 8. O-O
Nbd7 9. h3 Qc7 10. Be3 exd4 11. Nxd4 Re8 12. Qc2 a5 13. Rad1 Nc5 14. Nb3 Nfd7
15. Nxc5 Nxc5 16. Bd4 Be6 17. Bxg7 Kxg7 18. Rd4 Rad8 19. Rfd1 Rd7 20. b3 f6 21.
Ne2 Bf7 22. h4 b6 23. Nf4 Nb7 24. Qb2 Rde7 25. R4d2 h6 26. Rd3 Re5 27. Re3 Nc5
28. Nd3 R5e7 29. Nxc5 dxc5 30. Red3 Be6 31. Rd6 Rd7 32. e5 Red8 33. exf6+ Kf7
34. Rxd7+ Rxd7 35. Re1 Qd6 36. Qe2 Kxf6 37. Qe3 Rh7 38. Qf3+ Kg7 39. Rd1 Qc7
40. h5 gxh5 41. Qxh5 Rh8 42. Be4 Bf7 43. Qg4+ Kf6 44. Rd7 1-0

[Event "15. Open Int. Ciudad de Pamplona"]
[Site "Pamplona ESP"]
[Date "2005.12.26"]
[Round "5.5"]
[White "Llaneza Vega, Marcos"]
[Black "Huerga Leache, Mikel"]
[Result "1-0"]
[WhiteElo "2292"]
[BlackElo "2145"]
[PlyCount "97"]
[EventDate "2005.12.23"]
[EventType "swiss"]
[EventRounds "9"]
[EventCountry "ESP"]
[Source "lmi"]
[SourceDate "2005.12.29"]

1. e4 e6 2. d4 d5 3. Nc3 Bb4 4. e5 c5 5. Bd2 Ne7 6. f4 Nf5 7. Nf3 cxd4 8. Nb5
Bc5 9. b4 Be7 10. Nbxd4 Nxd4 11. Nxd4 Nc6 12. Nxc6 bxc6 13. Bd3 Qb6 14. Rb1 O-O
15. a4 Ba6 16. b5 cxb5 17. axb5 Bb7 18. Qh5 g6 19. Qh6 a5 20. h4 Bb4 21. Bxb4
axb4 22. h5 Qc7 23. hxg6 fxg6 24. Bxg6 Qg7 25. Bxh7+ Kf7 26. Qh5+ Ke7 27. Qg5+
Qxg5 28. fxg5 b3 29. g6 bxc2 30. Rc1 Rf5 31. g7 Rxe5+ 32. Kd2 Kf7 33. g8=Q+
Rxg8 34. Rhf1+ Kg7 35. Bxg8 Kxg8 36. Rce1 Rg5 37. Kxc2 d4 38. Rxe6 Rxb5 39.
Rg6+ Kh7 40. Rg4 d3+ 41. Kxd3 Ba6 42. Rf7+ Kh8 43. Ke3 Rb3+ 44. Kf4 Bf1 45. Kg5
Bd3 46. Rd4 Rb5+ 47. Kh4 Bh7 48. Rd8+ Bg8 49. Rff8 1-0

[Event "15. Open Int. Ciudad de Pamplona"]
[Site "Pamplona ESP"]
[Date "2005.12.26"]
[Round "5.6"]
[White "Ivanov, Jordan"]
[Black "Fidalgo Fernandez, Javier"]
[Result "1-0"]
[WhiteElo "2377"]
[BlackElo "2155"]
[PlyCount "55"]
[EventDate "2005.12.23"]
[EventType "swiss"]
[EventRounds "9"]
[EventCountry "ESP"]
[Source "lmi"]
[SourceDate "2005.12.29"]

1. d4 Nf6 2. c4 g6 3. Nc3 d5 4. cxd5 Nxd5 5. e4 Nxc3 6. bxc3 Bg7 7. Bc4 O-O 8.
Ne2 Nc6 9. h4 Na5 10. Bd3 c5 11. Be3 cxd4 12. cxd4 Nc6 13. Bc4 Na5 14. Rc1 Bd7
15. Bd3 h5 16. Qd2 b6 17. Bh6 Rc8 18. O-O Rxc1 19. Rxc1 Qb8 20. e5 e6 21. Ng3
Qd8 22. Bg5 Qb8 23. Bf6 Rc8 24. Nxh5 Bf8 25. Re1 Qc7 26. Qg5 Kh7 27. Nf4 Bh6
28. Bxg6+ 1-0

[Event "15. Open Int. Ciudad de Pamplona"]
[Site "Pamplona ESP"]
[Date "2005.12.26"]
[Round "5.7"]
[White "Navarro Cia, Miguel"]
[Black "Conquest, Stuart"]
[Result "1-0"]
[WhiteElo "2274"]
[BlackElo "2564"]
[PlyCount "81"]
[EventDate "2005.12.23"]
[EventType "swiss"]
[EventRounds "9"]
[EventCountry "ESP"]
[Source "lmi"]
[SourceDate "2005.12.29"]

1. e4 g6 2. d4 Bg7 3. Nc3 d6 4. Be3 a6 5. Qd2 Nd7 6. f3 b5 7. a4 b4 8. Nd1 c5
9. c3 bxc3 10. bxc3 Rb8 11. Ra2 Ngf6 12. Bd3 O-O 13. a5 Qc7 14. Nh3 e5 15. d5
c4 16. Be2 Nc5 17. Nhf2 Nb3 18. Bb6 Qxb6 19. axb6 Nxd2 20. Kxd2 Nd7 21. Bxc4
Nxb6 22. Nb2 Bh6+ 23. Kc2 f5 24. Nfd3 fxe4 25. fxe4 Nd7 26. Re1 Nf6 27. h3 Ra8
28. Bb3 Ne8 29. Ba4 Nf6 30. Nc4 Rd8 31. Rb2 a5 32. Bc6 Ra7 33. Rb8 Nd7 34. Rxc8
Rxc8 35. Nxd6 Rd8 36. Nb5 Ra6 37. Bxd7 Rxd7 38. Nc5 Raa7 39. Nxd7 Rxd7 40. Kb3
Bf8 41. Ra1 1-0